Civilization quiz ! 1939-1972 - Statistiques

Statistiques générales
  • Ce quiz a été pris 6 fois
  • Le résultat moyen est 1 sur 33
Statistiques - réponses
Hint Réponse % Correct
Exact date of World War II 1st of September 1939
100%
Winston Churchill Prime Minister's first mandate 1940-1945
17%
Neville Chamberlain Prime Minister's mandate 1937-1940
0%
Beveridge Report 1942
0%
Butler's Education ACt 1944
0%
Family Allowances Act 1945
0%
United Nations 1945
0%
Clement Attlee Prime Minister's mandate 1945-1951
0%
National Insurance Act 1946
0%
Housing Acts 1946, 1949
0%
National Health Service Act 1946, (implemented in 1948)
0%
National Assistance Board 1948
0%
Marshall aid 1948
0%
North Atlantic Treaty Organization 1949
0%
Invasion of South Korea by North Korea 1950
0%
Winston Churchill Prime Minister's second mandate 1951-1955
0%
European Coal and Steel Community 1952
0%
Coronation of Elizabeth II 1953
0%
Paris Agreements 1954
0%
Suez crisis 1956
0%
Treaty of Rome 1957
0%
Britain applied for ECSC in.... 1963
0%
Independance of Kenya 1963
0%
... but joined in... 1972
0%
Dunkirk evacuation (beginning) 26th of May 1940
0%
Dunkirk evacuation (end) 4th June 1940
0%
Pearl Harbor attack December 1941
0%
Korean war (end) July 1953
0%
Nationalization of the Suez Canal July 1956
0%
Russian's invasion June 1941
0%
Korean war (beginning) June 1950
0%
Blitz bombing (end) May 1941
0%
Blitz bombing (beginning) September 1940
0%
Aucun quiz correspondant
Distribution des résultats
% des personnes avec chaque résultat
Percentile par nombre de réponses
Votre historique - résultats
Vous n’avez pas pris ce quiz